[Event "Ambelokipi op 141st"]
[Site "Athens"]
[Date "2014.01.22"]
[Round "3"]
[White "Berenstein, Nadav"]
[Black "Nikolaidis, Priamos"]
[Result "0-1"]
[WhiteElo "1756"]
[BlackElo "1461"]
[PlyCount "64"]
[EventDate "2014.01.08"]
[EventType "swiss"]
[EventRounds "7"]
[EventCountry "GRE"]
[SourceTitle "EXT 2016"]
[Source "ChessBase"]
[SourceDate "2015.10.08"]
[SourceVersion "1"]
[SourceVersionDate "2015.10.08"]
[SourceQuality "1"]

1. e4 e5 2. Nf3 Nc6 3. Bc4 Bc5 4. c3 Nf6 5. d3 d6 6. h3 h6 7. Bb3 Be6 8. 0-0 0-0 9. Nbd2 b5 10. Bxe6 fxe6 11. Qb3 Qe8 12. Qxb5 Rb8 13. Qa4 a5 14. Nc4 Ra8 15. Qc2 Nh5 16. Be3 Qg6 17. Kh2 Nf4 18. Rg1 Qh5 19. Bxf4 Rxf4 20. Ne3 Raf8 21. Qe2 g5 22. d4 exd4 23. cxd4 Rxf3 24. dxc5 Rxh3+ 25. gxh3 Qxe2 26. Ng4 Nd4 27. Rg2 h5 28. Ne3 Rxf2 29. Kh1 Rxg2 30. Nxg2 Qxe4 31. cxd6 cxd6 32. Rd1 Qe5 0-1